Quizzes
Events
Quiz Creation
Community
Videos
Private Events
Remove Ads
Sign In
Join for FREE
Feedback
Dark Mode
Quiz Categories
Sports
Geography
Music
Movies
Television
Just For Fun
Miscellaneous
History
Literature
Language
Science
Gaming
Entertainment
Religion
Holiday
For Kids
Quiz Lab
Recent
Popular Today
Quiz Kudos Today
Editor Picks
Curator Picks
Quizzes by...
Day
Popularity
Type
Ratings
Length
Year
Community
Subscriptions
Recent Discussions
Orange Saloon
Badges
Playlists
Quests
Create
Leaderboards
Showdown
Live 5
Trivia Bingo
Activity
Puzzle Library
Sporcle Events
Private Events
Virtual Trivia
Globe League
Become a Host
Pub Owners
SporcleCon
Opinionation
Our Games
Videos
Blog
Mobile Apps
Partnerships
Remove Ads and Go Orange
Feedback
Science
Computer
Plants
Astronomy
Chemistry
Elements
Math
Animal
Physics
Anatomy
Biology
Geology
General Science
Science
Computer
Plants
Astronomy
Chemistry
Elements
Math
Animal
Physics
Anatomy
Biology
Geology
General Science
Random Quiz
Search Sporcle
×
Quiz Lab
Quiz Lab
Science
origin
Type in answers that appear in a list
Type in answers that appear in a list
Classic
Best Score? Go Orange.
Muscles of Upper Extremity: Origin & Insertion Stats
Muscles of Upper Extremity: Origin & Insertion
By
Freshpots
15m
36 Questions
105 Plays
105 Plays
105 Plays
Comments
Comments
Give Quiz Kudos
Give Quiz Kudos
-
- Ratings
hide this ad
Forced Order
Answers have to be entered in order
Answers have to be entered in order
Random Order
Randomize order of answers
Randomize order of answers
Replay
Link that replays current quiz
Next Quiz
Link to next quiz in quiz playlist
You Got
0%
They Got
Avg Score
37%
Avg Friend Score
Upgrade to see
Score Distribution
Jump to the score distribution portion of the page
Score
0/36
Timer
15:00
0
Plays Today
Origin & Insertion
Muscle
% Correct
O: Infraspinous fossa. I: Middle facet of Greater Tubercle
Infraspinatus
65.7%
O: Supraspinous fossa of Scapula. I: Superior of Greater tubercle of Humerus
Supraspinatus
62.9%
O: Subscapular Fossa(anterior). I: Lesser Tubercle
Subscapularis
61.9%
I: Palmar Aponeurosis. O: Med. Epicondyle
Palmaris Longus
57.1%
O: Spinous process of Lower 6 Thoracic vertebrae + Lumbar vertebrae + Sacrum + Iliac crest + Lower 3-
4 Ribs. O: Inferior of Intertubercular groove
Latissimus Dorsi
57.1%
O: Distal Anterior of Ulna. I: Distal Anterior, Lat. border of Radius
Pronator Quadratus
50.5%
O: Med. 1/
2 of Clavicle + Sternum + Upper 6 Costal cartilages. I: Intertuberular Groove
Pectoralis Major
49.5%
O:Lat. supracondylar ridge of Humerus. I: base of Radial sytloid process + Lat. distal end of Radius
Brachioradialis
48.6%
I: Pisiform + Hamate carpal (5th metacarpal). O: Med. Epicondyle
Flexor Carpi Ulnaris
48.6%
O: Inferior, Posterior of Scapula. I: Med. lip of Intertubercular groove
Teres Major
48.6%
O: 3rd-
5th Ribs(near costal cartilages). I: Med. Border + superior Coracoid process
Pectoralis Minor
48.6%
O: Lat. upper 8/
9 Ribs. I: Anterior of Med. border of Scapula
Serratus Anterior
44.8%
O: C1-
C4. I: Vertebral margin of Scapula(between superior angle and root of spine)
Levator Scapulae
44.8%
O: Anterior border of lower 1/
2 of Humerus. I: Coronoid process + Ulnar tuberosity
Brachialis
42.9%
O: Infraglenoid tubercle of scapula. I: Olecranon process of Ulna
Triceps Brachii Long Head
41.9%
O: Lat. Epicondyle + Radial Collateral and Annular ligaments + Supinator fossa + Crest of Ulna. I: Lat., Posterior and Anterior of Proximal 1/
3 of Radius
Supinator
41.9%
O: Upper 2/
3 of posterior Scapula, adjacent to Lat. border of Scapula. I: Inferior facet of Greater tubercle
Teres Minor
41.9%
O: Supraglenoid tubercle of scapula. I: Radial tuberosity
Biceps Brachii Long Head
41%
Origin & Insertion
Muscle
% Correct
O: Lat. Epicondyle of Humerus. I: Olecranon process + Proximal posterior of Ulna
Anconeus
40%
I: Base of 2nd and 3rd Metacarpals. O: Med. Epicondyle
Flexor Carpi Radialis
40%
O: Coracoid process. I: Radial tuberosity
Biceps Brachii Short Head
39%
O: Ant. Border + upper of Lat. 1/
3 of Clavicle. I: Deltoid Tuberosity
Anterior Deltoid
37.1%
O: Lat. Border of Acromion process. I: Deltoid Tuberosity
Middle Deltoid
37.1%
O: Lower border of crest of Spine of Scapula. I: Deltoid Tuberosity
Posterior Deltoid
35.2%
I: 2nd Metacarpal. O: Lat. Epicondyle
Extensor Carpi Radialis Longus
34.3%
O: Posterior of Humerus, Superior to Radial groove. I: Olecranon process
Triceps Brachii Lateral Head
32.4%
O: Posterior of Humerus, Inferior to Radial groove. I: Olecranon process
Triceps Brachii Medial Head
31.4%
O: Base of Skull + Spinous process of Thoracic Vertebrae and C7. I: Lat. 1/
3 of Clavicle
Upper Trapezius
23.8%
O: Base of Skull + Spinous process of Thoracic Vertebrae and C7. I: Acromion + crest of Scapula Spine
Middle Trapezius
19.4%
O: Spinous Process of 2nd-
5th Thoracic V. I: Med. border of Scapula, Inferior to Spine
Rhomboids Major
19%
I: 3rd + 5th Metacarpal. O: Lat. Epicondyle
Extensor Carpi Radialis Brevis
18.1%
O: Spinous Process of C7-
T1. I: Root of Spine
Rhomboids Minor
18.1%
O: Apex of Coracoid process. I: Middle 1/
3 of Med. surface and Border of Humerus
Corachobrachialis
15.2%
O: Base of Skull + Spinous process of Thoracic Vertebrae and C7. I: Med. of crest of Scapula Spine
Lower Trapezius
14.6%
O: Med. Epicondyle + Med. Supracondylar ridge of Humerus. I: Lat. Border of Radius
Pronator Teres Humeral Head
6.7%
O: Med. border of Coronoid process. I: Lat. border of Radius
Pronator Teres Ulnar Head
6.7%
Quiz Playlist
Details
Report
Send in Message
Add To Playlist
Classic:
Type in answers that appear in a list
Forced Order:
Answers have to be entered in order
Random Order:
Randomize order of answers
Last Updated: Dec 6, 2018
Quiz Scoreboard
CHALLENGE
Sign Up to Join the Scoreboard
Show All
Scores
Hide
Comments
May contain spoilers
Recently Published
Billboard Blitz: Fleetwood Mac
by CooCooCachoo
Music
15s
Presidents Visiting Landmarks
by Hejman
History
7m
An Introduction to Baseball
by treessimontrees
Sports
5m
More to Explore
Quiz From the Vault
Featured Blog Post
Where Did the Easter Bunny Come From?
hide this ad
You Might Also Like...
Tags
muscle
origin
Upper
Today's Top Quizzes in Science
Browse Science
hide this ad
Today's Top Quizzes in origin
Browse origin
Top Contributed Quizzes in Science
1
Quick Pick: Radians
2
Quick Pick: 'CI-CJ' Animals
3
Elements In Images
4
Name the Acid, Base or Salt
5
One Thing in Common: Science
6
One Thing in Common: Science III
7
One Thing in Common: Animals
8
Science Jokes
9
One Thing in Common: Science II
10
The First 100 Digits of Pi
Explore More
Trending Topics
Marvel
Crossword
Disney
NBA
Harry Potter
Kpop
Anime
NFL
Soccer
Country
WWE
The Office
Song
Puzzle
Pokémon
hide this ad
More By:
Freshpots
Quiz
Plays
Rating
Category
Featured
Created
Muscles of Upper Extremity: Origin & Insertion
105
Science
Dec 5, 2018
Muscles of Hip: Origin & Insertion
96
Science
Dec 6, 2018
Muscles of Knee and Lower Leg: Origin & Insertion
68
Science
Dec 7, 2018
Muscles of the Trunk: Origin & Insertion
32
Science
Dec 5, 2018
Nutrition
30
Science
Dec 11, 2018
Go to Creator's Profile
Score Distribution
Quiz Creator Spotlight
Freshpots
Follow
Send a Message
Quizzes Created
-
Created Quiz Play Count
-
More By This Creator
Popular Quizzes Today
1
Find the US States - No Outlines Minefield
2
Find the Countries of Europe - No Outlines Minefield
3
The Countries of the World
4
Find the US States
5
Popular People in 1961
6
US States
7
Risky Map Clicking: Biggest States A-Z
8
Movies - When Are They Set?
More Science Quizzes
Birds of Europe
Published
Trending Quizzes
Risky Map Clicking: Least Populous States A-Z
1-10 Letter G Words
1-10 Letter F Words
Risky Map Clicking: Next State Alphabetically
'A' Boys' Names Grid
Recently Updated
Leaping Animals
pecheneg
Reality TV Shows (A-Z)
bhenderson79
Rickey Henderson's Hall of Fame Teammates
pecheneg
Champions League XIs: Arsenal
pecheneg
Quick Pick: Celebrities in WWE's Hall of Fame
aduchscher
A-Z Keypad Blitz II
pecheneg
Multiple Oscar Actors
pecheneg
Mystery Phrase Blitz: Oscar 'Best Actors'
pecheneg
F. Scott Fitzgerald Novels
LTH
Pick 3 Villains
ddd62291
Trending Topics
Kpop
Harry Potter
Disney
Marvel
Anime
Crossword
NBA
NFL
Song
Country
WWE
The Office
Puzzle
Soccer
Pokémon
Your Account Isn't Verified!
In order to create a playlist on Sporcle, you need to verify the email address you used during registration. Go to your
Sporcle Settings
to finish the process.
Report this User
Report this user for behavior that violates our
Community Guidelines
.
Details:
Send Report
Go to the Sporcle.com Mobile Site →
Comments